| 000 | 00555nam a2200181 4500 | ||
|---|---|---|---|
| 999 |
_c163252 _d163252 |
||
| 005 | 20190406125313.0 | ||
| 010 | _aENG-125024 | ||
| 020 |
_a9789382749011 _c250.00 |
||
| 035 | _aEN-108556 | ||
| 037 | _bDBAD/PUB | ||
| 082 | _a881 | ||
| 100 | _aDalvi, Mustansir | ||
| 245 |
_aBrouhahas of cocks/ _cby Mustansir Dalvi |
||
| 260 |
_aMumbai _bPoetrywala _c2013 |
||
| 270 |
_a1701/1702,6A Whispering Palms, Lokhandwala Township _bKandivali (E) _e400101 _mpoetrywala@hotmail.com |
||
| 300 |
_a100p. _c24cm(pbk) |
||
| 942 |
_2ddc _cEN _h881 _mDAL |
||